Biblioteca

Child of the dark : The diary of Carolina Maria de Jesus / Carolina María de Jesús ; David St. Clair, Traductor (Registro nro. 40710)

Detalles MARC
000 -LÍDER
Campo fijo de descripción fija 004000000a22001450004500
020 ## - NÚMERO INTERNACIONAL NORMALIZADO PARA LIBROS
Número Internacional Normalizado del libro 0-451-62731-8
041 0# - CÓDIGO DE IDIOMA
Código de idioma para texto/pista de sonido o título separado
082 04 - NÚMERO DE CLASIFICACIÓN DECIMAL DEWEY
Número de clasificación G 920.7 J581c
001 - NÚMERO DE CONTROL
Campo de control 11395
100 1# - ASIENTO PRINCIPAL--NOMBRE PERSONAL
Nombre personal Jesús, Carolina María de
245 10 - TÍTULO
Título del Material Child of the dark : The diary of Carolina Maria de Jesus / Carolina María de Jesús ; David St. Clair, Traductor
260 ## - PUBLICACIÓN, DISTRIBUCIÓN, ETC. (PIE DE IMPRENTA)
Lugar de publicación, distribución, etc. [S.L] : Mentor
300 ## - DESCRIPCIÓN FÍSICA
Extensión 159 Pag
942 ## - TIPO DE MATERIAL (KOHA)
Tipo de Item KOHA Libros General
Existencias
Estado de Material Estado de Perdido Estado de Dañado No para Préstamo Colección Tomo Biblioteca de Origen Biblioteca Permanente Fecha de Adquisición Total de Préstamos Signatura Topográfica Código de Barras Última vez visto Ejemplar/Existencia Fecha de Remplazo Tipo de Material
        Colección General   Biblioteca FUSBC Biblioteca FUSBC 27/01/2005   G 920.7 J581c 14500 12/12/2019 1 26/01/2016 Libros General

Biblioteca FUSBC | Teléfono: (57+4) 349 88 10 Ext. 141| WhatsApp (+57) 3005338115 
E-mail: biblioteca@unisbc.edu.co | Calle 76 87-14 Robledo Palenque, Medellín, Colombia

Con tecnología Koha